{"text_format":"1","workbook":"xlsx","n_sheets":1,"sheets":["inv_sumnistro_abril_2022"],"not_rendered":{"charts":0,"images":2,"macros":0,"external_links":0,"defined_names":0,"comments":0,"pivot_tables":0},"unopened":[],"bounds":{"document_bytes":16777216,"sheet_cells":100000,"rows_first":2000,"rows_last":500,"rows_between":2000,"halvings":0,"cell_chars":16384,"cell_head_chars":4096},"cells_cut":0,"cells_raw":0,"read":"whole","date_system":"1900"}

{"sheet":"inv_sumnistro_abril_2022","index":0,"n_rows":486,"n_cols":8,"rows_kept":486,"cut":false,"hidden":false,"merged":[[5,6,9,6],[5,7,9,7],[140,0,140,6],[1,0,1,7],[2,0,2,7],[3,0,3,7],[5,0,9,0],[5,1,9,1],[5,2,9,2],[5,3,9,3],[5,4,9,4],[5,5,9,5],[145,0,145,7],[324,0,324,7],[146,0,146,7],[147,0,147,7],[149,0,153,0],[149,1,153,1],[149,2,153,2],[149,3,153,3],[149,4,153,4],[149,5,153,5],[307,0,307,6],[325,0,325,7],[326,0,326,7],[485,0,485,6],[149,6,153,6],[149,7,153,7],[328,0,332,0],[328,1,332,1],[328,2,332,2],[328,3,332,3],[328,4,332,4],[328,5,332,5],[328,6,332,6],[328,7,332,7]]}
[]
["INSTITUTO DEL TABACO DE LA REPÚBLICA DOMINICANA"]
["INVENTARIO SUMINISTRO"]
["MES DE ABRIL 2022"]
[]
["Fecha de adquisición y/o registro","Artículo","Código institucional","Descripción artículo","Existencia","Unidad","Costo","Valor"]
[]
[]
[]
[]
["2018-03-23","GENERAL ( 10 )","CART-BC1-3BK","CARTUCHO BC1-3BK",2,"UND",757.87199999999996,{"$f":"+G11*E11","v":1515.7439999999999}]
["2018-03-23","GENERAL ( 10 )","CARTUCH-HP-95","CARTUCHO HP-95 COLOR",4,"UND",1416,5664]
["2017-02-01","GENERAL ( 10 )","MASKT-001","MASKING TAPE",60,"UND",34.99,2099.4]
["2018-03-23","GENERAL ( 10 )","PAPE-CON-9 1/2X5 1/2","PAPEL CONTINUO 9 1/2 X 5 1/2 P. FACT.",4,"UNIDAD",601.69399999999996,2406.7759999999998]
["2018-03-23","GENERAL ( 10 )","PERFO-001","PERFORADORA DE 3 HOYOS",2,"UND",350,700]
["2018-03-23","OTROS ( 5 )","AMBIEN 2","AMBIENTADOR 2",62,"UND",96.338890000000006,5973.0111800000004]
["2017-02-01","OTROS ( 5 )","BRILLO .V.","BRILLO VERDE",14,"UND",59.884999999999998,838.39]
["2017-02-06","OTROS ( 5 )","C.D.C","CINTA DOBLE CARA",23,"UND",40,920]
["2018-03-23","OTROS ( 5 )","CD,.","CUBIERTOS DES.",19,"PAQUET",32.121519999999997,610.30887999999993]
["2019-02-26","OTROS ( 5 )","CREM","CREMORA",23,"UND",348.65253999999999,8019.0084200000001]
["2018-03-23","OTROS ( 5 )","GRAPAS 3","GRAPAS 3/4",7,"CAJA",211.864,1483.048]
["2018-03-23","OTROS ( 5 )","LAN","LANILLA P/LIMPIAR",86,"UND",114.14399,9816.3831399999999]
["2018-03-23","OTROS ( 5 )","LI.C.","LIMPIADOR CRISTAL",23,"POTE",111.29347,2559.7498099999998]
["2017-01-31","OTROS ( 5 )","LT,","LIBRETA TIMBRADA",116,"UND",197.65,22927.4]
["2018-02-21","OTROS ( 5 )","PDN6","PLATOS DESECH. N6",5,"PAQUET",52.037999999999997,260.19]
["2019-02-26","OTROS ( 5 )","T.L210C","TINTA L210 CYAN",6,"UND",450.15557999999999,2700.9334799999997]
["2019-02-26","OTROS ( 5 )","T.S.2031","TONER SHARP 2031 C/CHIP",6,"UND",4669.4940299999998,28016.964179999999]
["2017-02-23","OTROS ( 5 )","TS.M.","TALON. SOLICITUD MATERIALES",133,"UND",152.06618,20224.801940000001]
["2017-03-31","SUMINISTROS ( 6 )","12","RESMA DE PAPEL8 1/2 X11",130,"RESMA",274.99,35748.700000000004]
["2019-02-26","SUMINISTROS ( 6 )","3X3","POST-IT3X3 WORKER",24,"UND",34.998800000000003,839.97120000000007]
["2017-04-24","SUMINISTROS ( 6 )","AZ.","AZUCAR",8,"SACOS",3505.5780399999999,28044.624319999999]
["2017-02-07","SUMINISTROS ( 6 )","BO","BORRADOR",40,"UND",3.7406000000000001,149.624]
["2018-03-23","SUMINISTROS ( 6 )","BP/E","BANDEJA P/ ESCRITORIO",7,"UND",820.00559999999996,5740.0391999999993]
["2018-03-23","SUMINISTROS ( 6 )","C.2","CLIP BILLETERO 51MM",41,"CAJA",171.01061999999999,7011.4354199999998]
["2017-04-24","SUMINISTROS ( 6 )","C.E 890","CINTA EPSON 890",3,"UND",325.53845999999999,976.61537999999996]
["2019-02-15","SUMINISTROS ( 6 )","C12X45","CINTA 12MM X45MM",36,"UND",20.059999999999999,722.16]
["2019-02-15","SUMINISTROS ( 6 )","CART. HP-94","CARTUCHO HP-98 (NUEVO)",4,"UND",923.78904999999997,3695.1561999999999]
["2019-02-15","SUMINISTROS ( 6 )","CARTUCHO HP-93","CARTUCHO HP-93 COLOR",3,"UND",1019.277,3057.8310000000001]
["2019-02-15","SUMINISTROS ( 6 )","CB 1.5","CLIP BILLETERO 41MM",3,"CAJA",134.03399999999999,402.10199999999998]
["2019-02-15","SUMINISTROS ( 6 )","CCF401","CARTUCHO LT HP-CF401A",3,"UND",2842.502,8527.5059999999994]
["2019-02-15","SUMINISTROS ( 6 )","CCF402","CARTUCHO LT HP-CF402A",3,"UND",2842.502,8527.5059999999994]
["2019-02-15","SUMINISTROS ( 6 )","CCF403","CARTUCHO LT HP-CF403A",3,"UND",2872.002,8616.0059999999994]
["2006-12-31","SUMINISTROS ( 6 )","CEPILLO P.","CEPILLO PARED",4,"UND",65.997399999999999,{"$f":"+G43*E43","v":263.9896}]
["2019-02-15","SUMINISTROS ( 6 )","CHP96","CARTUCHO HP-96",14,"UND",2228.8220000000001,31203.508000000002]
["2019-02-15","SUMINISTROS ( 6 )","CHP97","CARTUCHO HP-97",10,"UND",2118.6314699999998,21186.314699999999]
["2017-02-01","SUMINISTROS ( 6 )","CINTA OKIDATA -320","CINTA OKIDATA -320",1,"UND",440,440]
["2017-02-01","SUMINISTROS ( 6 )","CINTA P/ CALCULADORA","CINTA P/ CALCULADORA ELEC.",5,"UND",56.002800000000001,280.01400000000001]
["2017-02-07","SUMINISTROS ( 6 )","D","DETERGENTE",26,"UND",925.80371000000002,24070.89646]
["2017-02-06","SUMINISTROS ( 6 )","DES.","DESINFECTANTE",160,"GAL",112.10944000000001,17937.510399999999]
["2017-02-01","SUMINISTROS ( 6 )","ESC.","ESCOBA",42,"UND",154.816,6502.2719999999999]
["2017-02-01","SUMINISTROS ( 6 )","F.M.E.","FORMULARIO EQUIPOS Y/O MOV.",111,"UND",135.85946000000001,15080.400060000002]
["2019-02-26","SUMINISTROS ( 6 )","F30G","FUNDAS 30GLS.",42,"PAQUET",295,12390]
["2017-02-01","SUMINISTROS ( 6 )","FOR. ENT.INS. IMP.AG","FORMULARIO ENT. INSUM .IMPL. AGRICOLA",19,"UND",75,1425]
["2018-02-21","SUMINISTROS ( 6 )","FORMULARIO V. Y M.","FORMULARIO DE VISITAS Y MENSAJES",22,"UND",35,770]
["2018-02-21","SUMINISTROS ( 6 )","FUND. 55","FUNDAS 55 P/B.",30,"PAQUET",584.1,17523]
["2018-02-21","SUMINISTROS ( 6 )","GG.","GUANTES GOMAS",58,"PAR",80.590310000000002,4674.2379799999999]
["2017-02-07","SUMINISTROS ( 6 )","GR26/6","GRAPAS 26/6",3,"CAJA",44.965789999999998,134.89737]
["2017-02-01","SUMINISTROS ( 6 )","GRAP.","GRAPADORA",21,"UND",134.99978999999999,2834.99559]
["2018-02-21","SUMINISTROS ( 6 )","GRAPAS 1/4","GRPAS 1/4",3,"UNIDAD",108.8,326.39999999999998]
["2017-01-31","SUMINISTROS ( 6 )","GRAPAS 3/8","GRAPAS 3/8",2,"UNIDAD",254.28570999999999,508.57141999999999]
["2018-03-20","SUMINISTROS ( 6 )","GRAP-STAPLES","GRAPAS STAPLES HEAVY DUTY",3,"UNIDAD",450,1350]
["2019-02-26","SUMINISTROS ( 6 )","GS23/10","GRAPAS STAPLES 23/10",9,"CAJA",54.9998,494.9982]
["2019-02-26","SUMINISTROS ( 6 )","LIQUI-001","CORRECTOR LIQUIDO",3,"UND",57.942489999999999,173.82747000000001]
["2019-02-26","SUMINISTROS ( 6 )","LLM","JABON LIQ.P/MANOS",264,"UND",204.82113000000001,54072.778320000005]
["2019-02-26","SUMINISTROS ( 6 )","LR","LIBRO RECORD",16,"UND",204.99997999999999,3279.9996799999999]
["2017-01-26","SUMINISTROS ( 6 )","LRP","LIBRETA RAYADA PEQUEÑA",67,"UND",15.989000000000001,1071.2630000000001]
["2017-02-01","SUMINISTROS ( 6 )","MPP.","MARCADOR P/PIZ.AZUL",28,"UND",39.709310000000002,1111.86068]
["2017-01-31","SUMINISTROS ( 6 )","P.TP/M","PAPEL TOALLA P/MANO",259,"UND",156.8407,40621.741300000002]
["2017-09-26","SUMINISTROS ( 6 )","PAPEL J.","PAPEL JUMBO",278,"UND",56.162140000000001,15613.074920000001]
["2018-03-26","SUMINISTROS ( 6 )","PC4C","PAPEL CONT. 9 1/2 X 11 4C.",11,"CAJA",1581.92085,17401.129349999999]
["2017-02-01","SUMINISTROS ( 6 )","PP/B","PASTILLA PERF. P/B",114,"UND",40.410139999999998,4606.7559599999995]
["2019-02-26","SUMINISTROS ( 6 )","ROLL","ROLLO PAPEL 2-1/4 SUMADORA",13,"UND",17,221]
["2017-05-08","SUMINISTROS ( 6 )","RTR","ROLON TINTA ROJA",1,"UND",84.75,84.75]
["2018-02-21","SUMINISTROS ( 6 )","SM10X15","SOBRE MANILA  10X15",415,"UNDS",4.6963999999999997,1949.0059999999999]
["2017-01-23","SUMINISTROS ( 6 )","SUM-BRI G.","BRILLO GORDO",6,"UND",15.34,{"$f":"+G75*E75","v":92.039999999999992}]
["2018-05-11","SUMINISTROS ( 6 )","SUM-CAF","CAFE",227,"LIBRA",228.74808999999999,51925.816429999999]
["2017-02-01","SUMINISTROS ( 6 )","SUM-CARP.GRAN.","CARPETA GRANDE 3 HOYOS",4,"UND",299.99990000000003,1199.9996000000001]
["2018-05-11","SUMINISTROS ( 6 )","SUM-CART.HP-60 C.","CARTUCHO HP-60 COLOR",1,"UND",860.38856999999996,860.38856999999996]
["2018-05-11","SUMINISTROS ( 6 )","SUM-CCCH","COMPROBANTE DE CAJA CHICA",135,"UND",32.690730000000002,4413.2485500000003]
["2017-01-26","SUMINISTROS ( 6 )","SUM-CEPIPLAS","CEPILLO PARA INODORO",7,"UND",112.97320000000001,790.81240000000003]
["2019-02-26","SUMINISTROS ( 6 )","SUM-CH","CHINCHETAS",6,"UNIDAD",50,300]
["2018-03-23","SUMINISTROS ( 6 )","SUM-CLIP MAR.","CLIP MARIPOSA",31,"CAJA",150,4650]
["2017-01-26","SUMINISTROS ( 6 )","SUM-CLO","CLORO",142,"GAL",102.88889,14610.222380000001]
["2019-02-26","SUMINISTROS ( 6 )","SUM-ETF","ETIQUETA PARA FOLDERS",9,"UND",89.3142,803.82780000000002]
["2019-02-26","SUMINISTROS ( 6 )","SUM-FAR","FAROLA",8,"UND",88.5,708]
["2019-02-26","SUMINISTROS ( 6 )","SUM-FELN","FELPAS NEGRAS",11,"UND",35.4,389.4]
["2018-03-23","SUMINISTROS ( 6 )","SUM-FGD","FOLDER C/ BOLSILLO",67,"UND",12.012449999999999,804.83414999999991]
["2018-03-23","SUMINISTROS ( 6 )","SUM-FINANC","FOLDERS FINANCIERO",133,"UND",44.730730000000001,5949.1870900000004]
["2019-02-26","SUMINISTROS ( 6 )","SUM-FOL14","FOLDER 8 1/2 14",896,"UND",4.0596800000000002,3637.4732800000002]
["2018-03-23","SUMINISTROS ( 6 )","SUM-FUN17","FUNDAS17/22",31,"PAQUET",98.542550000000006,3054.8190500000001]
["2019-02-26","SUMINISTROS ( 6 )","SUM-GMH","GANCHOS M/H",16,"UNIDAD",68.877290000000002,1102.03664]
["2017-02-01","SUMINISTROS ( 6 )","SUM-GOM","GOMITAS",5,"CAJA",29.9956,149.97800000000001]
["2006-12-31","SUMINISTROS ( 6 )","SUM-JB. AZ.","JABON AZULITO",119,"UND",35.444850000000002,4217.9371500000007]
["2006-12-31","SUMINISTROS ( 6 )","SUM-LAP.N.","LAPICERO NEGRO",318,"UND",10.17084,3234.3271199999999]
["2017-01-26","SUMINISTROS ( 6 )","SUM-LAPIRO","LAPICERO ROJO",6,"UND",7.73224,46.393439999999998]
["2017-01-26","SUMINISTROS ( 6 )","SUM-LBRY","LIBRETAS RAYADAS X11",53,"UND",26.999700000000001,1430.9841000000001]
["2019-02-26","SUMINISTROS ( 6 )","SUM-LCAR","LAPIZ",266,"UND",12.722329999999999,3384.13978]
["2018-03-23","SUMINISTROS ( 6 )","SUM-PER","PERFORADORA",12,"UND",214.99600000000001,2579.9520000000002]
["2019-02-26","SUMINISTROS ( 6 )","SUM-POC","PORTA CLIP",21,"UND",30.55893,641.73752999999999]
["2018-03-23","SUMINISTROS ( 6 )","SUM-RECBA","RECOGEDOR DE BASURA",12,"UND",115.97432999999999,1391.6919599999999]
["2018-03-23","SUMINISTROS ( 6 )","SUM-RPT","RESMA PAPEL TIMBRADO",2,"RESMA",2137.4857099999999,4274.9714199999999]
["2018-03-23","SUMINISTROS ( 6 )","SUM-RPX14","RESMA DE PAPEL 81/2X14",22,"RESMA",250.75,5516.5]
["2018-03-23","SUMINISTROS ( 6 )","SUM-SER","SERVILLETAS",56,"PAQUET",99.307940000000002,5561.2446399999999]
["2018-03-23","SUMINISTROS ( 6 )","SUM-SM","SOBRES MANILA 9X12",387,"UND",2.36,913.31999999999994]
["2018-03-23","SUMINISTROS ( 6 )","SUM-SO","SOBRES BLANCOS",524,"UND",1.6230100000000001,850.45724000000007]
["2017-01-26","SUMINISTROS ( 6 )","SUM-STIM","SOBRES TIMBRADOS",787,"UND",10.2424,8060.7687999999998]
["2017-01-26","SUMINISTROS ( 6 )","SUM-SUAP","SUAPER",20,"UND",166.99668,{"$f":"+G107*E107","v":3339.9335999999998}]
["2017-01-26","SUMINISTROS ( 6 )","SUM-TAL.ORD. DESP.","TALONARIO ORDEN DE DESPACHO.",238,"UND",200.59612000000001,47741.876560000004]
["2017-01-26","SUMINISTROS ( 6 )","SUM-TALEM","TALONARIO ENT. DE MATERIALES",229,"UND",57.3232,13127.0128]
["2017-01-26","SUMINISTROS ( 6 )","SUM-TBLL","TABLILLAS",30,"UND",85.337599999999995,2560.1279999999997]
["2017-01-26","SUMINISTROS ( 6 )","SUM-TCR","TALONARIO CONTROL DE RECEPCION",76,"UND",53.398060000000001,4058.2525599999999]
["2017-01-26","SUMINISTROS ( 6 )","SUM-TCS","TALONARIO CONTROL DE SEMILLAS",63,"UND",72.55753,4571.1243899999999]
["2017-01-26","SUMINISTROS ( 6 )","SUM-TIJ","TIJERAS #8",51,"UNIDAD",34.998800000000003,1784.9388000000001]
["2017-01-26","SUMINISTROS ( 6 )","SUM-TLCAGR","TALONARIO CONTROL AGROQUIMICO",79,"UND",218.81944999999999,17286.736549999998]
["2017-01-26","SUMINISTROS ( 6 )","SUM-TRP","TALONARIO RECIBO PROVISIONAL",43,"UND",133.95359999999999,5760.0047999999997]
["2017-01-26","SUMINISTROS ( 6 )","SUM-VAS","VASOS #10",117,"PAQUET",83.78,9802.26]
["2017-01-26","SUMINISTROS ( 6 )","T,MAG.","TINTA BT 5001 MAGENTA",4,"UND",413,1652]
["2017-01-26","SUMINISTROS ( 6 )","T.5001","TINTA BT 5001 CYAN",4,"UND",413,1652]
["2017-01-26","SUMINISTROS ( 6 )","T.BT.","TINTA BT D60BK",4,"UND",590,2360]
["2017-01-26","SUMINISTROS ( 6 )","T.Y,","TINTA BT 5001 YELLOW",4,"UND",413,1652]
["2017-01-26","SUMINISTROS ( 6 )","TA","TINTA AZUL P/S",2,"POTE",38,76]
["2019-02-15","SUMINISTROS ( 6 )","TALON.PERS.NOM.","TALONARIO PERSONAL NOMINAL",4,"UND",95,380]
["2019-02-15","SUMINISTROS ( 6 )","TALONARIO SOL. C.C.","TALONARIO SOLICITUD CAJA CHICA",53,"UND",32.690759999999997,1732.6102799999999]
["2017-01-26","SUMINISTROS ( 6 )","TB,.","TINTA 664 Y.",3,"UND",649,1947]
["2019-02-15","SUMINISTROS ( 6 )","TB.","TINTA 664 CYAN",5,"UND",590,2950]
["2019-02-15","SUMINISTROS ( 6 )","TB664","TINTA 664 MAG.",4,"UND",590,2360]
["2019-02-15","SUMINISTROS ( 6 )","TCVP","TALON.CONTROL VISITAS A PROD.",46,"UND",55,2530]
["2019-02-15","SUMINISTROS ( 6 )","TE504C","TINTA  504 CYAN",10,"UND",627.79706999999996,6277.9706999999999]
["2019-02-15","SUMINISTROS ( 6 )","TE504M","TINTA  504 M.",8,"UND",563.74067000000002,4509.9253600000002]
["2019-02-15","SUMINISTROS ( 6 )","TE504Y","TINTA  504 Y.",14,"UND",561.38959999999997,7859.4543999999996]
["2019-02-15","SUMINISTROS ( 6 )","TEL200C","TINTA EPSON L200 CYAN",4,"UND",615.00419999999997,2460.0167999999999]
["2019-02-15","SUMINISTROS ( 6 )","TEL200M","TINTA EPSON L200 MAG.",5,"UND",615.00419999999997,3075.0209999999997]
["2019-02-15","SUMINISTROS ( 6 )","TEL200Y","TINTA EPSON L200 YELLOW",3,"UND",615.00419999999997,1845.0126]
["2019-02-15","SUMINISTROS ( 6 )","TODC.","TALONARIO ORDEN DESP. COMB.",126,"UND",74.2,9349.2000000000007]
["2019-02-15","SUMINISTROS ( 6 )","TP/C","TOALLA P/COCINA",15,"UND",116.0217,1740.3254999999999]
["2019-02-15","SUMINISTROS ( 6 )","TRCA","TINTA RIAL C. AZUL",1,"UND",300.00319999999999,300.00319999999999]
["2019-02-15","SUMINISTROS ( 6 )","TRCA,","TINTA RIAL C. AMARILLA",1,"UND",300.00319999999999,300.00319999999999]
["2019-02-15","SUMINISTROS ( 6 )","TRCR","TINTA RIAL C. ROJO",2,"UND",300.00319999999999,600.00639999999999]
["2019-02-15","SUMINISTROS ( 6 )","VASOS #7","VASOS #7",100,"PAQUET",74.235950000000003,{"$f":"+G139*E139","v":7423.5950000000003}]
["2019-02-15","SUMINISTROS ( 6 )","VN5","VASOS N. 5",28,"PAQUET",92.877799999999993,2600.5783999999999]
["TOTAL",null,null,null,null,null,null,{"$f":"SUM(H11:H140)","v":843611.07823000033}]
[]
[]
[]
[]
["INSTITUTO DEL TABACO DE LA REPÚBLICA DOMINICANA"]
["INVENTARIO SUMINISTRO"]
["MES DE MAYO 2022"]
[]
["Fecha de adquisición y/o registro","Artículo","Código institucional","Descripción artículo","Existencia","Unidad","Costo","Valor"]
[]
[]
[]
[]
["2018-03-23","GENERAL ( 10 )","CART-BC1-3BK","CARTUCHO BC1-3BK",2,"UND",757.87199999999996,{"$f":"+G155*E155","v":1515.7439999999999}]
["2018-03-23","GENERAL ( 10 )","CARTUCH-HP-95","CARTUCHO HP-95 COLOR",4,"UND",1416,5664]
["2017-02-01","GENERAL ( 10 )","CINTA-001","CINTA ADHESIVA",64,"UNIDAD",59.165199999999999,3786.5727999999999]
["2018-03-23","GENERAL ( 10 )","MASKT-001","MASKING TAPE",57,"UND",34.99,1994.43]
["2018-03-23","GENERAL ( 10 )","PAPE-CON-9 1/2X5 1/2","PAPEL CONTINUO 9 1/2 X 5 1/2 P. FACT.",4,"UNIDAD",601.69399999999996,2406.7759999999998]
["2018-03-23","GENERAL ( 10 )","PERFO-001","PERFORADORA DE 3 HOYOS",2,"UND",350,700]
["2017-02-01","OTROS ( 5 )","AMBIEN 2","AMBIENTADOR 2",53,"UND",96.338890000000006,5105.9611700000005]
["2017-02-06","OTROS ( 5 )","BRILLO .V.","BRILLO VERDE",14,"UND",59.884999999999998,838.39]
["2018-03-23","OTROS ( 5 )","C.D.C","CINTA DOBLE CARA",20,"UND",40,800]
["2019-02-26","OTROS ( 5 )","CREM","CREMORA",6,"UND",348.65253999999999,2091.9152399999998]
["2018-03-23","OTROS ( 5 )","GRAPAS 3","GRAPAS 3/4",7,"CAJA",211.864,1483.048]
["2018-03-23","OTROS ( 5 )","LAN","LANILLA P/LIMPIAR",86,"UND",114.14399,9816.3831399999999]
["2018-03-23","OTROS ( 5 )","LI.C.","LIMPIADOR CRISTAL",23,"POTE",111.29347,2559.7498099999998]
["2017-01-31","OTROS ( 5 )","LT,","LIBRETA TIMBRADA",109,"UND",197.65,21543.850000000002]
["2018-02-21","OTROS ( 5 )","T.L210C","TINTA L210 CYAN",6,"UND",450.15557999999999,2700.9334799999997]
["2019-02-26","OTROS ( 5 )","T.S.2031","TONER SHARP 2031 C/CHIP",6,"UND",4669.4940299999998,28016.964179999999]
["2019-02-26","OTROS ( 5 )","TS.M.","TALON. SOLICITUD MATERIALES",130,"UND",152.06618,19768.6034]
["2017-02-23","SUMINISTROS ( 6 )","12","RESMA DE PAPEL8 1/2 X11",84,"RESMA",274.99,23099.16]
["2017-03-31","SUMINISTROS ( 6 )","3X3","POST-IT3X3 WORKER",16,"UND",34.998800000000003,559.98080000000004]
["2019-02-26","SUMINISTROS ( 6 )","AZ.","AZUCAR",6,"SACOS",3505.5780399999999,21033.468239999998]
["2017-04-24","SUMINISTROS ( 6 )","BO","BORRADOR",33,"UND",3.7406000000000001,123.43980000000001]
["2017-02-07","SUMINISTROS ( 6 )","BP/E","BANDEJA P/ ESCRITORIO",7,"UND",820.00559999999996,5740.0391999999993]
["2018-03-23","SUMINISTROS ( 6 )","C.2","CLIP BILLETERO 51MM",40,"CAJA",171.01061999999999,6840.4247999999998]
["2018-03-23","SUMINISTROS ( 6 )","C.B 125MM","CLIP BILLETERO 125MM",56,"CAJA",33.924999999999997,1899.7999999999997]
["2017-04-24","SUMINISTROS ( 6 )","C.BILL.","CLIP BILLETERO 32MM",58,"CAJA",48.8992,2836.1536000000001]
["2019-02-15","SUMINISTROS ( 6 )","C12X45","CINTA 12MM X45MM",36,"UND",20.059999999999999,722.16]
["2019-02-15","SUMINISTROS ( 6 )","CART. HP-94","CARTUCHO HP-98 (NUEVO)",4,"UND",923.78904999999997,3695.1561999999999]
["2019-02-15","SUMINISTROS ( 6 )","CARTUCHO HP-93","CARTUCHO HP-93 COLOR",3,"UND",1019.277,3057.8310000000001]
["2019-02-15","SUMINISTROS ( 6 )","CB 1.5","CLIP BILLETERO 41MM",3,"CAJA",134.03399999999999,402.10199999999998]
["2019-02-15","SUMINISTROS ( 6 )","CCB435","CARTUCHO LASER 235",3,"UND",708,2124]
["2019-02-15","SUMINISTROS ( 6 )","CCE278","CARTUCHO LASER 278",3,"UND",708,2124]
["2019-02-15","SUMINISTROS ( 6 )","CCE285","CARTUCHO LASER 285",3,"UND",708,2124]
["2006-12-31","SUMINISTROS ( 6 )","CCF401","CARTUCHO LT HP-CF401A",3,"UND",2842.502,{"$f":"+G187*E187","v":8527.5059999999994}]
["2019-02-15","SUMINISTROS ( 6 )","CCF402","CARTUCHO LT HP-CF402A",3,"UND",2842.502,8527.5059999999994]
["2019-02-15","SUMINISTROS ( 6 )","CCF403","CARTUCHO LT HP-CF403A",3,"UND",2872.002,8616.0059999999994]
["2017-02-01","SUMINISTROS ( 6 )","CEPILLO P.","CEPILLO PARED",4,"UND",65.997399999999999,263.9896]
["2017-02-01","SUMINISTROS ( 6 )","CHP96","CARTUCHO HP-96",14,"UND",2228.8220000000001,31203.508000000002]
["2017-02-07","SUMINISTROS ( 6 )","CHP97","CARTUCHO HP-97",10,"UND",2118.6314699999998,21186.314699999999]
["2017-02-06","SUMINISTROS ( 6 )","CINTA OKIDATA -320","CINTA OKIDATA -320",1,"UND",440,440]
["2017-02-01","SUMINISTROS ( 6 )","CINTA P/ CALCULADORA","CINTA P/ CALCULADORA ELEC.",5,"UND",56.002800000000001,280.01400000000001]
["2017-02-01","SUMINISTROS ( 6 )","D","DETERGENTE",25,"UND",925.80371000000002,23145.09275]
["2019-02-26","SUMINISTROS ( 6 )","DES.","DESINFECTANTE",136,"GAL",112.10944000000001,15246.88384]
["2017-02-01","SUMINISTROS ( 6 )","ESC.","ESCOBA",35,"UND",154.816,5418.56]
["2018-02-21","SUMINISTROS ( 6 )","F.M.E.","FORMULARIO EQUIPOS Y/O MOV.",111,"UND",135.85946000000001,15080.400060000002]
["2018-02-21","SUMINISTROS ( 6 )","F30G","FUNDAS 30GLS.",39,"PAQUET",295,11505]
["2018-02-21","SUMINISTROS ( 6 )","FOR. ENT.INS. IMP.AG","FORMULARIO ENT. INSUM .IMPL. AGRICOLA",19,"UND",75,1425]
["2017-02-07","SUMINISTROS ( 6 )","FORMULARIO V. Y M.","FORMULARIO DE VISITAS Y MENSAJES",22,"UND",35,770]
["2017-02-01","SUMINISTROS ( 6 )","FUND. 55","FUNDAS 55 P/B.",26,"PAQUET",584.1,15186.6]
["2018-02-21","SUMINISTROS ( 6 )","GG.","GUANTES GOMAS",53,"PAR",80.590310000000002,4271.2864300000001]
["2017-01-31","SUMINISTROS ( 6 )","GR26/6","GRAPAS 26/6",40,"CAJA",43.015659999999997,1720.6263999999999]
["2018-03-20","SUMINISTROS ( 6 )","GRAP.","GRAPADORA",19,"UND",134.99978999999999,2564.9960099999998]
["2019-02-26","SUMINISTROS ( 6 )","GRAPAS 1/4","GRPAS 1/4",3,"UNIDAD",108.8,326.39999999999998]
["2019-02-26","SUMINISTROS ( 6 )","GRAPAS 3/8","GRAPAS 3/8",2,"UNIDAD",254.28570999999999,508.57141999999999]
["2019-02-26","SUMINISTROS ( 6 )","GRAP-STAPLES","GRAPAS STAPLES HEAVY DUTY",3,"UNIDAD",450,1350]
["2019-02-26","SUMINISTROS ( 6 )","GS23/10","GRAPAS STAPLES 23/10",6,"CAJA",54.9998,329.99880000000002]
["2017-01-26","SUMINISTROS ( 6 )","HOJAS CART.CREMA","HOJAS DE CARTULIA CREMA",1,"RESMA",654.99440000000004,654.99440000000004]
["2017-02-01","SUMINISTROS ( 6 )","LLM","JABON LIQ.P/MANOS",260,"UND",204.82113000000001,53253.493800000004]
["2017-01-31","SUMINISTROS ( 6 )","LR","LIBRO RECORD",16,"UND",204.99997999999999,3279.9996799999999]
["2017-09-26","SUMINISTROS ( 6 )","LRP","LIBRETA RAYADA PEQUEÑA",59,"UND",15.989000000000001,943.351]
["2018-03-26","SUMINISTROS ( 6 )","MPP.","MARCADOR P/PIZ.AZUL",28,"UND",39.709310000000002,1111.86068]
["2017-02-01","SUMINISTROS ( 6 )","P.TP/M","PAPEL TOALLA P/MANO",188,"UND",156.8407,29486.051599999999]
["2019-02-26","SUMINISTROS ( 6 )","PAPEL J.","PAPEL JUMBO",146,"UND",56.162140000000001,8199.6724400000003]
["2017-05-08","SUMINISTROS ( 6 )","PC4C","PAPEL CONT. 9 1/2 X 11 4C.",11,"CAJA",1581.92085,17401.129349999999]
["2018-02-21","SUMINISTROS ( 6 )","PP/B","PASTILLA PERF. P/B",95,"UND",40.410139999999998,3838.9632999999999]
["2017-01-23","SUMINISTROS ( 6 )","ROLL","ROLLO PAPEL 2-1/4 SUMADORA",13,"UND",17,{"$f":"+G219*E219","v":221}]
["2018-05-11","SUMINISTROS ( 6 )","RTR","ROLON TINTA ROJA",1,"UND",84.75,84.75]
["2017-02-01","SUMINISTROS ( 6 )","SM10X15","SOBRE MANILA  10X15",396,"UNDS",4.6963999999999997,1859.7743999999998]
["2018-05-11","SUMINISTROS ( 6 )","SUM-ARC","ARCHIVO ACORDEON",13,"UND",476.72,6197.3600000000006]
["2018-05-11","SUMINISTROS ( 6 )","SUM-AZU","LAPICEROS AZUL",225,"UND",4.5,1012.5]
["2017-01-26","SUMINISTROS ( 6 )","SUM-BRI G.","BRILLO GORDO",5,"UND",15.34,76.7]
["2019-02-26","SUMINISTROS ( 6 )","SUM-CAF","CAFE",134,"LIBRA",228.74809999999999,30652.2454]
["2018-03-23","SUMINISTROS ( 6 )","SUM-CARP.GRAN.","CARPETA GRANDE 3 HOYOS",4,"UND",299.99990000000003,1199.9996000000001]
["2017-01-26","SUMINISTROS ( 6 )","SUM-CART.HP-60 C.","CARTUCHO HP-60 COLOR",1,"UND",860.38856999999996,860.38856999999996]
["2019-02-26","SUMINISTROS ( 6 )","SUM-CCCH","COMPROBANTE DE CAJA CHICA",135,"UND",32.690730000000002,4413.2485500000003]
["2019-02-26","SUMINISTROS ( 6 )","SUM-CEPIPLAS","CEPILLO PARA INODORO",7,"UND",112.97320000000001,790.81240000000003]
["2019-02-26","SUMINISTROS ( 6 )","SUM-CH","CHINCHETAS",6,"UNIDAD",50,300]
["2018-03-23","SUMINISTROS ( 6 )","SUM-CLI","CLIP JUMBO",55,"UND",34.243600000000001,1883.3980000000001]
["2018-03-23","SUMINISTROS ( 6 )","SUM-CLIP #1"," CLIP #1",50,"CAJA",11.9534,597.66999999999996]
["2019-02-26","SUMINISTROS ( 6 )","SUM-CLIP MAR.","CLIP MARIPOSA",31,"CAJA",150,4650]
["2018-03-23","SUMINISTROS ( 6 )","SUM-CLO","CLORO",126,"GAL",102.88889,12964.00014]
["2019-02-26","SUMINISTROS ( 6 )","SUM-CTE","CINTAS DE EMPAQUE",49,"UND",80.239999999999995,3931.7599999999998]
["2017-02-01","SUMINISTROS ( 6 )","SUM-DIS","DISPENSADOR DE CINTA",22,"UND",125.3986,2758.7692000000002]
["2006-12-31","SUMINISTROS ( 6 )","SUM-ETF","ETIQUETA PARA FOLDERS",8,"UND",89.3142,714.5136]
["2006-12-31","SUMINISTROS ( 6 )","SUM-FAR","FAROLA",7,"UND",88.5,619.5]
["2017-01-26","SUMINISTROS ( 6 )","SUM-FEL","FELPAS AZULES",4,"UND",22,88]
["2017-01-26","SUMINISTROS ( 6 )","SUM-FELN","FELPAS NEGRAS",23,"UND",28.4087,653.40009999999995]
["2019-02-26","SUMINISTROS ( 6 )","SUM-FGD","FOLDER C/ BOLSILLO",67,"UND",12.012449999999999,804.83414999999991]
["2018-03-23","SUMINISTROS ( 6 )","SUM-FINANC","FOLDERS FINANCIERO",125,"UND",44.730730000000001,5591.3412500000004]
["2019-02-26","SUMINISTROS ( 6 )","SUM-FOL11","FOLDER 8 1/2 X11",1842,"UND",3.5754000000000001,6585.8868000000002]
["2018-03-23","SUMINISTROS ( 6 )","SUM-FOL14","FOLDER 8 1/2 14",850,"UND",4.0596800000000002,3450.7280000000001]
["2018-03-23","SUMINISTROS ( 6 )","SUM-FUN17","FUNDAS17/22",22,"PAQUET",98.542550000000006,2167.9360999999999]
["2018-03-23","SUMINISTROS ( 6 )","SUM-GMH","GANCHOS M/H",16,"UNIDAD",68.877290000000002,1102.03664]
["2018-03-23","SUMINISTROS ( 6 )","SUM-GOM","GOMITAS",51,"CAJA",23.134679999999999,1179.86868]
["2018-03-23","SUMINISTROS ( 6 )","SUM-HHB.","HOJA DE HILO BLANCA",1,"RESMA",548.995,548.995]
["2018-03-23","SUMINISTROS ( 6 )","SUM-JB. AZ.","JABON AZULITO",101,"UND",35.444850000000002,3579.9298500000004]
["2017-01-26","SUMINISTROS ( 6 )","SUM-LAP.N.","LAPICERO NEGRO",307,"UND",10.17084,3122.4478800000002]
["2017-01-26","SUMINISTROS ( 6 )","SUM-LAPIRO","LAPICERO ROJO",30,"UND",5.1464499999999997,{"$f":"+G251*E251","v":154.39349999999999}]
["2017-01-26","SUMINISTROS ( 6 )","SUM-LBRY","LIBRETAS RAYADAS X11",37,"UND",26.999700000000001,998.98890000000006]
["2017-01-26","SUMINISTROS ( 6 )","SUM-LCAR","LAPIZ",660,"UND",7.0270299999999999,4637.8397999999997]
["2017-01-26","SUMINISTROS ( 6 )","SUM-MAR","MARCADORES",41,"UND",16.106999999999999,660.38699999999994]
["2017-01-26","SUMINISTROS ( 6 )","SUM-PER","PERFORADORA",12,"UND",214.99600000000001,2579.9520000000002]
["2017-01-26","SUMINISTROS ( 6 )","SUM-PLA","PORTA LAPIZ",18,"UND",52.9938,953.88840000000005]
["2017-01-26","SUMINISTROS ( 6 )","SUM-POC","PORTA CLIP",20,"UND",30.55893,611.17859999999996]
["2017-01-26","SUMINISTROS ( 6 )","SUM-RECBA","RECOGEDOR DE BASURA",12,"UND",115.97432999999999,1391.6919599999999]
["2017-01-26","SUMINISTROS ( 6 )","SUM-RESALT","RESALTADOR",52,"UND",16.106999999999999,837.56399999999996]
["2017-01-26","SUMINISTROS ( 6 )","SUM-RG","REGLA",31,"UND",6.4428000000000001,199.7268]
["2017-01-26","SUMINISTROS ( 6 )","SUM-RPT","RESMA PAPEL TIMBRADO",2,"RESMA",2137.4857099999999,4274.9714199999999]
["2017-01-26","SUMINISTROS ( 6 )","SUM-RPX14","RESMA DE PAPEL 81/2X14",38,"RESMA",304.13094999999998,11556.9761]
["2017-01-26","SUMINISTROS ( 6 )","SUM-SAP","SACA PUNTA",48,"UND",5.9,283.20000000000005]
["2017-01-26","SUMINISTROS ( 6 )","SUM-SER","SERVILLETAS",40,"PAQUET",99.307940000000002,3972.3176000000003]
["2017-01-26","SUMINISTROS ( 6 )","SUM-SGRP","SACA GRAPAS",19,"UND",29.559000000000001,561.62099999999998]
["2019-02-15","SUMINISTROS ( 6 )","SUM-SM","SOBRES MANILA 9X12",374,"UND",2.36,882.64]
["2019-02-15","SUMINISTROS ( 6 )","SUM-SO","SOBRES BLANCOS",471,"UND",1.6230100000000001,764.43771000000004]
["2017-01-26","SUMINISTROS ( 6 )","SUM-STIM","SOBRES TIMBRADOS",760,"UND",10.2424,7784.2240000000002]
["2019-02-15","SUMINISTROS ( 6 )","SUM-SUAP","SUAPER",18,"UND",166.99668,3005.9402399999999]
["2019-02-15","SUMINISTROS ( 6 )","SUM-TAL.ORD. DESP.","TALONARIO ORDEN DE DESPACHO.",236,"UND",200.59612000000001,47340.68432]
["2019-02-15","SUMINISTROS ( 6 )","SUM-TALEM","TALONARIO ENT. DE MATERIALES",225,"UND",57.3232,12897.72]
["2019-02-15","SUMINISTROS ( 6 )","SUM-TBLL","TABLILLAS",27,"UND",85.337599999999995,2304.1151999999997]
["2019-02-15","SUMINISTROS ( 6 )","SUM-TCR","TALONARIO CONTROL DE RECEPCION",76,"UND",53.398060000000001,4058.2525599999999]
["2019-02-15","SUMINISTROS ( 6 )","SUM-TCS","TALONARIO CONTROL DE SEMILLAS",63,"UND",72.55753,4571.1243899999999]
["2019-02-15","SUMINISTROS ( 6 )","SUM-TIJ","TIJERAS #8",48,"UNIDAD",34.998800000000003,1679.9424000000001]
["2019-02-15","SUMINISTROS ( 6 )","SUM-TLCAGR","TALONARIO CONTROL AGROQUIMICO",79,"UND",218.81944999999999,17286.736549999998]
["2019-02-15","SUMINISTROS ( 6 )","SUM-TRP","TALONARIO RECIBO PROVISIONAL",43,"UND",133.95359999999999,5760.0047999999997]
["2019-02-15","SUMINISTROS ( 6 )","SUM-VAS","VASOS #10",87,"PAQUET",83.78,7288.86]
["2019-02-15","SUMINISTROS ( 6 )","T,MAG.","TINTA BT 5001 MAGENTA",10,"UND",363.44,3634.4]
["2019-02-15","SUMINISTROS ( 6 )","T.5001","TINTA BT 5001 CYAN",10,"UND",363.44,3634.4]
["2019-02-15","SUMINISTROS ( 6 )","T.BT.","TINTA BT D60BK",13,"UND",410.27692000000002,5333.5999600000005]
["2019-02-15","SUMINISTROS ( 6 )","T.Y,","TINTA BT 5001 YELLOW",10,"UND",363.44,3634.4]
["2019-02-15","SUMINISTROS ( 6 )","T206A C","TONER HP-206 A C.",1,"UND",6488.82,{"$f":"+G283*E283","v":6488.82}]
["2019-02-15","SUMINISTROS ( 6 )","T206A M","TONER HP-206 A M.",1,"UND",6488.82,6488.82]
["2022-05-31","SUMINISTROS ( 6 )","T206AK","TONER  HP-206 A K.",1,"UND",6724.82,6724.82]
["2022-05-31","SUMINISTROS ( 6 )","T206AY","TONER HP-206 A Y.",1,"UND",6488.82,6488.82]
["2022-05-31","SUMINISTROS ( 6 )","TA","TINTA AZUL P/S",7,"POTE",29.332850000000001,205.32995]
["2022-05-31","SUMINISTROS ( 6 )","TALON.PERS.NOM.","TALONARIO PERSONAL NOMINAL",4,"UND",95,380]
["2022-05-31","SUMINISTROS ( 6 )","TALONARIO SOL. C.C.","TALONARIO SOLICITUD CAJA CHICA",53,"UND",32.690759999999997,1732.6102799999999]
["2022-05-31","SUMINISTROS ( 6 )","TB,","TINTA 664 BLACK",10,"UND",330.4,3304]
["2022-05-31","SUMINISTROS ( 6 )","TB,.","TINTA 664 Y.",7,"UND",436.6,3056.2000000000003]
["2022-05-31","SUMINISTROS ( 6 )","TB.","TINTA 664 CYAN",10,"UND",448.4,4484]
["2022-05-31","SUMINISTROS ( 6 )","TB664","TINTA 664 MAG.",9,"UND",434.24,3908.16]
["2022-05-31","SUMINISTROS ( 6 )","TCVP","TALON.CONTROL VISITAS A PROD.",46,"UND",55,2530]
["2022-05-31","SUMINISTROS ( 6 )","TE504C","TINTA  504 CYAN",12,"UND",516.27317000000005,6195.2780400000011]
["2022-05-31","SUMINISTROS ( 6 )","TE504M","TINTA  504 M.",10,"UND",463.73752999999999,4637.3752999999997]
["2022-05-31","SUMINISTROS ( 6 )","TE504Y","TINTA  504 Y.",11,"UND",561.38959999999997,6175.2855999999992]
["2022-05-31","SUMINISTROS ( 6 )","TEL200C","TINTA EPSON L200 CYAN",4,"UND",615.00419999999997,2460.0167999999999]
["2022-05-31","SUMINISTROS ( 6 )","TEL200M","TINTA EPSON L200 MAG.",5,"UND",615.00419999999997,3075.0209999999997]
["2022-05-31","SUMINISTROS ( 6 )","TEL200Y","TINTA EPSON L200 YELLOW",3,"UND",615.00419999999997,1845.0126]
["2022-05-31","SUMINISTROS ( 6 )","TET504","TINTA  504 BLACK",5,"UND",330.4,1652]
["2022-05-31","SUMINISTROS ( 6 )","TODC.","TALONARIO ORDEN DESP. COMB.",126,"UND",74.2,9349.2000000000007]
["2022-05-31","SUMINISTROS ( 6 )","TP/C","TOALLA P/COCINA",15,"UND",116.0217,1740.3254999999999]
["2022-05-31","SUMINISTROS ( 6 )","TRCA","TINTA RIAL C. AZUL",1,"UND",300.00319999999999,300.00319999999999]
["2022-05-31","SUMINISTROS ( 6 )","TRCA,","TINTA RIAL C. AMARILLA",1,"UND",300.00319999999999,300.00319999999999]
["2022-05-31","SUMINISTROS ( 6 )","TRCR","TINTA RIAL C. ROJO",2,"UND",300.00319999999999,600.00639999999999]
["2022-05-31","SUMINISTROS ( 6 )","VASOS #7","VASOS #7",100,"PAQUET",74.235990000000001,7423.5990000000002]
["TOTAL",null,null,null,null,null,null,{"$f":"SUM(H155:H307)","v":844983.49350999994}]
[]
[]
[]
[]
[]
[]
[]
[]
[]
[]
[]
[]
[]
[]
[]
[]
["INSTITUTO DEL TABACO DE LA REPÚBLICA DOMINICANA"]
["INVENTARIO SUMINISTRO"]
["MES DE JUNIO 2022"]
[]
["Fecha de adquisición y/o registro","Artículo","Código institucional","Descripción artículo","Existencia","Unidad","Costo","Valor"]
[]
[]
[]
[]
["2018-03-23","GENERAL ( 10 )","CART-BC1-3BK","CARTUCHO BC1-3BK",2,"UND",757.87199999999996,{"$f":"+G334*E334","v":1515.7439999999999}]
["2018-03-23","GENERAL ( 10 )","CARTUCH-HP-95","CARTUCHO HP-95 COLOR",4,"UND",1416,5664]
["2017-02-01","GENERAL ( 10 )","CINTA-001","CINTA ADHESIVA",54,"UNIDAD",59.165199999999999,3194.9207999999999]
["2018-03-23","GENERAL ( 10 )","MASKT-001","MASKING TAPE ",57,"UND",34.99,1994.43]
["2018-03-23","GENERAL ( 10 )","PAPE-CON-9 1/2X5 1/2","PAPEL CONTINUO 9 1/2 X 5 1/2 P. FACT.",4,"UNIDAD",601.69399999999996,2406.7759999999998]
["2018-03-23","GENERAL ( 10 )","PERFO-001","PERFORADORA DE 3 HOYOS",1,"UND",350,350]
["2017-02-01","OTROS ( 5 )","AMBIEN 2","AMBIENTADOR 2",41,"UND",96.338890000000006,3949.8944900000001]
["2017-02-06","OTROS ( 5 )","BRILLO .V.","BRILLO VERDE",13,"UND",59.884999999999998,778.505]
["2018-03-23","OTROS ( 5 )","C.D.C","CINTA DOBLE CARA ",20,"UND",40,800]
["2019-02-26","OTROS ( 5 )","GRAPAS 3","GRAPAS 3/4",7,"CAJA",211.864,1483.048]
["2018-03-23","OTROS ( 5 )","LAN","LANILLA P/LIMPIAR",78,"UND",114.14399,8903.2312199999997]
["2018-03-23","OTROS ( 5 )","LI.C.","LIMPIADOR CRISTAL ",23,"POTE",111.29347,2559.7498099999998]
["2018-03-23","OTROS ( 5 )","LT,","LIBRETA TIMBRADA",101,"UND",197.65,19962.650000000001]
["2017-01-31","OTROS ( 5 )","T.L210C","TINTA L210 CYAN",6,"UND",450.15557999999999,2700.9334799999997]
["2018-02-21","OTROS ( 5 )","T.S.2031","TONER SHARP 2031 C/CHIP",6,"UND",4669.4940299999998,28016.964179999999]
["2019-02-26","OTROS ( 5 )","TS.M.","TALON. SOLICITUD MATERIALES",124,"UND",152.06618,18856.206320000001]
["2019-02-26","SUMINISTROS ( 6 )","12","RESMA DE PAPEL8 1/2 X11",52,"RESMA",274.99,14299.48]
["2017-02-23","SUMINISTROS ( 6 )","3X3","POST-IT3X3 WORKER",1,"UND",34.998800000000003,34.998800000000003]
["2017-03-31","SUMINISTROS ( 6 )","AZ.","AZUCAR",4,"SACOS",3505.5780399999999,14022.312159999999]
["2019-02-26","SUMINISTROS ( 6 )","BO","BORRADOR",32,"UND",3.7406000000000001,119.6992]
["2017-04-24","SUMINISTROS ( 6 )","BP/E","BANDEJA P/ ESCRITORIO",1,"UND",820.00559999999996,820.00559999999996]
["2017-02-07","SUMINISTROS ( 6 )","C.2","CLIP BILLETERO 51MM",40,"CAJA",171.01061999999999,6840.4247999999998]
["2018-03-23","SUMINISTROS ( 6 )","C.B 125MM","CLIP BILLETERO 125MM",51,"CAJA",33.924999999999997,1730.175]
["2018-03-23","SUMINISTROS ( 6 )","C.BILL.","CLIP BILLETERO 32MM",58,"CAJA",48.8992,2836.1536000000001]
["2017-04-24","SUMINISTROS ( 6 )","C12X45","CINTA 12MM X45MM",36,"UND",20.059999999999999,722.16]
["2019-02-15","SUMINISTROS ( 6 )","CART. HP-94","CARTUCHO HP-98 (NUEVO)",4,"UND",923.78904999999997,3695.1561999999999]
["2019-02-15","SUMINISTROS ( 6 )","CARTUCHO HP-93","CARTUCHO HP-93 COLOR",3,"UND",1019.277,3057.8310000000001]
["2019-02-15","SUMINISTROS ( 6 )","CB 1.5","CLIP BILLETERO 41MM",3,"CAJA",134.03399999999999,402.10199999999998]
["2019-02-15","SUMINISTROS ( 6 )","CCB435","CARTUCHO LASER 235",3,"UND",708,2124]
["2019-02-15","SUMINISTROS ( 6 )","CCE278","CARTUCHO LASER 278",3,"UND",708,2124]
["2019-02-15","SUMINISTROS ( 6 )","CCE285","CARTUCHO LASER 285",3,"UND",708,2124]
["2019-02-15","SUMINISTROS ( 6 )","CCF401","CARTUCHO LT HP-CF401A",3,"UND",2842.502,8527.5059999999994]
["2006-12-31","SUMINISTROS ( 6 )","CCF402","CARTUCHO LT HP-CF402A",3,"UND",2842.502,{"$f":"+G366*E366","v":8527.5059999999994}]
["2019-02-15","SUMINISTROS ( 6 )","CCF403","CARTUCHO LT HP-CF403A",3,"UND",2872.002,8616.0059999999994]
["2019-02-15","SUMINISTROS ( 6 )","CEPILLO P.","CEPILLO PARED",4,"UND",65.997399999999999,263.9896]
["2017-02-01","SUMINISTROS ( 6 )","CHP96","CARTUCHO HP-96",14,"UND",2228.8220000000001,31203.508000000002]
["2017-02-01","SUMINISTROS ( 6 )","CHP97","CARTUCHO HP-97",10,"UND",2118.6314699999998,21186.314699999999]
["2017-02-07","SUMINISTROS ( 6 )","CINTA OKIDATA -320","CINTA OKIDATA -320",1,"UND",440,440]
["2017-02-06","SUMINISTROS ( 6 )","CINTA P/ CALCULADORA","CINTA P/ CALCULADORA ELEC.",5,"UND",56.002800000000001,280.01400000000001]
["2017-02-01","SUMINISTROS ( 6 )","D","DETERGENTE",24,"UND",925.80371000000002,22219.28904]
["2017-02-01","SUMINISTROS ( 6 )","DES.","DESINFECTANTE",116,"GAL",112.10944000000001,13004.695040000001]
["2019-02-26","SUMINISTROS ( 6 )","ESC.","ESCOBA",30,"UND",154.816,4644.4800000000005]
["2017-02-01","SUMINISTROS ( 6 )","F.M.E.","FORMULARIO EQUIPOS Y/O MOV.",107,"UND",135.85946000000001,14536.962220000001]
["2018-02-21","SUMINISTROS ( 6 )","F30G","FUNDAS 30GLS.",37,"PAQUET",295,10915]
["2018-02-21","SUMINISTROS ( 6 )","FOR. ENT.INS. IMP.AG","FORMULARIO ENT. INSUM .IMPL. AGRICOLA ",19,"UND",75,1425]
["2018-02-21","SUMINISTROS ( 6 )","FORMULARIO V. Y M.","FORMULARIO DE VISITAS Y MENSAJES",22,"UND",35,770]
["2017-02-07","SUMINISTROS ( 6 )","FUND. 55","FUNDAS 55 P/B.",22,"PAQUET",584.1,12850.2]
["2017-02-01","SUMINISTROS ( 6 )","GG.","GUANTES GOMAS",43,"PAR",80.590310000000002,3465.3833300000001]
["2018-02-21","SUMINISTROS ( 6 )","GR26/6","GRAPAS 26/6",38,"CAJA",43.015659999999997,1634.5950799999998]
["2017-01-31","SUMINISTROS ( 6 )","GRAP.","GRAPADORA",13,"UND",134.99978999999999,1754.9972699999998]
["2018-03-20","SUMINISTROS ( 6 )","GRAPAS 1/4","GRPAS 1/4",3,"UNIDAD",108.8,326.39999999999998]
["2019-02-26","SUMINISTROS ( 6 )","GRAPAS 3/8","GRAPAS 3/8",2,"UNIDAD",254.28570999999999,508.57141999999999]
["2019-02-26","SUMINISTROS ( 6 )","GRAP-STAPLES","GRAPAS STAPLES HEAVY DUTY",3,"UNIDAD",450,1350]
["2019-02-26","SUMINISTROS ( 6 )","GS23/10","GRAPAS STAPLES 23/10",6,"CAJA",54.9998,329.99880000000002]
["2019-02-26","SUMINISTROS ( 6 )","HOJAS CART.CREMA","HOJAS DE CARTULIA CREMA",1,"RESMA",654.99440000000004,654.99440000000004]
["2017-01-26","SUMINISTROS ( 6 )","LLM","JABON LIQ.P/MANOS",252,"UND",204.82113000000001,51614.924760000002]
["2017-02-01","SUMINISTROS ( 6 )","LR","LIBRO RECORD",15,"UND",204.99997999999999,3074.9996999999998]
["2017-01-31","SUMINISTROS ( 6 )","LRP","LIBRETA RAYADA PEQUEÑA",51,"UND",15.989000000000001,815.43900000000008]
["2017-09-26","SUMINISTROS ( 6 )","MPP.","MARCADOR P/PIZ.AZUL",28,"UND",39.709310000000002,1111.86068]
["2018-03-26","SUMINISTROS ( 6 )","P.TP/M","PAPEL TOALLA P/MANO",125,"UND",156.8407,19605.087500000001]
["2017-02-01","SUMINISTROS ( 6 )","PAPEL J.","PAPEL JUMBO",34,"UND",56.162140000000001,1909.5127600000001]
["2019-02-26","SUMINISTROS ( 6 )","PC4C","PAPEL CONT. 9 1/2 X 11 4C.",11,"CAJA",1581.92085,17401.129349999999]
["2017-05-08","SUMINISTROS ( 6 )","PP/B","PASTILLA PERF. P/B",82,"UND",40.410139999999998,3313.63148]
["2018-02-21","SUMINISTROS ( 6 )","ROLL","ROLLO PAPEL 2-1/4 SUMADORA",10,"UND",17,170]
["2017-01-23","SUMINISTROS ( 6 )","RTR","ROLON TINTA ROJA",1,"UND",84.75,{"$f":"+G398*E398","v":84.75}]
["2018-05-11","SUMINISTROS ( 6 )","SM10X15","SOBRE MANILA  10X15",382,"UNDS",4.6963999999999997,1794.0247999999999]
["2017-02-01","SUMINISTROS ( 6 )","SUM-ARC","ARCHIVO ACORDEON",10,"UND",476.72,4767.2000000000007]
["2018-05-11","SUMINISTROS ( 6 )","SUM-AZU","LAPICEROS AZUL",137,"UND",4.5,616.5]
["2018-05-11","SUMINISTROS ( 6 )","SUM-BRI G.","BRILLO GORDO",3,"UND",15.34,46.019999999999996]
["2017-01-26","SUMINISTROS ( 6 )","SUM-CAF","CAFE",51,"LIBRA",228.74809999999999,11666.1531]
["2019-02-26","SUMINISTROS ( 6 )","SUM-CARP.GRAN.","CARPETA GRANDE 3 HOYOS",3,"UND",299.99990000000003,899.99970000000008]
["2018-03-23","SUMINISTROS ( 6 )","SUM-CART.HP-60 C.","CARTUCHO HP-60 COLOR",1,"UND",860.38856999999996,860.38856999999996]
["2017-01-26","SUMINISTROS ( 6 )","SUM-CCCH","COMPROBANTE DE CAJA CHICA",135,"UND",32.690730000000002,4413.2485500000003]
["2019-02-26","SUMINISTROS ( 6 )","SUM-CEPIPLAS","CEPILLO PARA INODORO",7,"UND",112.97320000000001,790.81240000000003]
["2019-02-26","SUMINISTROS ( 6 )","SUM-CH","CHINCHETAS",5,"UNIDAD",50,250]
["2019-02-26","SUMINISTROS ( 6 )","SUM-CLI","CLIP JUMBO",51,"UND",34.243600000000001,1746.4236000000001]
["2018-03-23","SUMINISTROS ( 6 )","SUM-CLIP #1"," CLIP #1",42,"CAJA",11.9534,502.0428]
["2018-03-23","SUMINISTROS ( 6 )","SUM-CLIP MAR.","CLIP MARIPOSA",31,"CAJA",150,4650]
["2019-02-26","SUMINISTROS ( 6 )","SUM-CLO","CLORO",120,"GAL",102.88889,12346.666800000001]
["2018-03-23","SUMINISTROS ( 6 )","SUM-CTE","CINTAS DE EMPAQUE",46,"UND",80.239999999999995,3691.04]
["2019-02-26","SUMINISTROS ( 6 )","SUM-DIS","DISPENSADOR DE CINTA",21,"UND",125.3986,2633.3706000000002]
["2017-02-01","SUMINISTROS ( 6 )","SUM-ETF","ETIQUETA PARA FOLDERS",8,"UND",89.3142,714.5136]
["2006-12-31","SUMINISTROS ( 6 )","SUM-FAR","FAROLA",7,"UND",88.5,619.5]
["2006-12-31","SUMINISTROS ( 6 )","SUM-FEL","FELPAS AZULES",4,"UND",22,88]
["2017-01-26","SUMINISTROS ( 6 )","SUM-FELN","FELPAS NEGRAS",21,"UND",28.4087,596.58270000000005]
["2017-01-26","SUMINISTROS ( 6 )","SUM-FGD","FOLDER C/ BOLSILLO",66,"UND",12.012449999999999,792.82169999999996]
["2019-02-26","SUMINISTROS ( 6 )","SUM-FINANC","FOLDERS FINANCIERO",125,"UND",44.730730000000001,5591.3412500000004]
["2018-03-23","SUMINISTROS ( 6 )","SUM-FOL11","FOLDER 8 1/2 X11",1462,"UND",3.5754000000000001,5227.2348000000002]
["2019-02-26","SUMINISTROS ( 6 )","SUM-FOL14","FOLDER 8 1/2 14",814,"UND",4.0596800000000002,3304.5795200000002]
["2018-03-23","SUMINISTROS ( 6 )","SUM-FUN17","FUNDAS17/22",17,"PAQUET",98.542550000000006,1675.2233500000002]
["2018-03-23","SUMINISTROS ( 6 )","SUM-GMH","GANCHOS M/H",13,"UNIDAD",68.877290000000002,895.40476999999998]
["2018-03-23","SUMINISTROS ( 6 )","SUM-GOM","GOMITAS",51,"CAJA",23.134679999999999,1179.86868]
["2018-03-23","SUMINISTROS ( 6 )","SUM-HHB.","HOJA DE HILO BLANCA",1,"RESMA",548.995,548.995]
["2018-03-23","SUMINISTROS ( 6 )","SUM-JB. AZ.","JABON AZULITO",76,"UND",35.444850000000002,2693.8086000000003]
["2018-03-23","SUMINISTROS ( 6 )","SUM-LAP.N.","LAPICERO NEGRO ",305,"UND",10.17084,3102.1062000000002]
["2017-01-26","SUMINISTROS ( 6 )","SUM-LAPIRO","LAPICERO ROJO",29,"UND",5.1464499999999997,149.24705]
["2017-01-26","SUMINISTROS ( 6 )","SUM-LBRY","LIBRETAS RAYADAS X11",28,"UND",26.999700000000001,{"$f":"+G430*E430","v":755.99160000000006}]
["2017-01-26","SUMINISTROS ( 6 )","SUM-LCAR","LAPIZ",647,"UND",7.0270299999999999,4546.4884099999999]
["2017-01-26","SUMINISTROS ( 6 )","SUM-MAR","MARCADORES",39,"UND",16.106999999999999,628.173]
["2017-01-26","SUMINISTROS ( 6 )","SUM-PER","PERFORADORA",12,"UND",214.99600000000001,2579.9520000000002]
["2017-01-26","SUMINISTROS ( 6 )","SUM-PLA","PORTA LAPIZ",15,"UND",52.9938,794.90700000000004]
["2017-01-26","SUMINISTROS ( 6 )","SUM-POC","PORTA CLIP",18,"UND",30.55893,550.06074000000001]
["2017-01-26","SUMINISTROS ( 6 )","SUM-RECBA","RECOGEDOR DE BASURA",11,"UND",115.97432999999999,1275.7176299999999]
["2017-01-26","SUMINISTROS ( 6 )","SUM-RESALT","RESALTADOR",47,"UND",16.106999999999999,757.029]
["2017-01-26","SUMINISTROS ( 6 )","SUM-RG","REGLA",30,"UND",6.4428000000000001,193.28399999999999]
["2017-01-26","SUMINISTROS ( 6 )","SUM-RPT","RESMA PAPEL TIMBRADO",2,"RESMA",2137.4857099999999,4274.9714199999999]
["2017-01-26","SUMINISTROS ( 6 )","SUM-RPX14","RESMA DE PAPEL 81/2X14",38,"RESMA",304.13094999999998,11556.9761]
["2017-01-26","SUMINISTROS ( 6 )","SUM-SAP","SACA PUNTA",45,"UND",5.9,265.5]
["2017-01-26","SUMINISTROS ( 6 )","SUM-SER","SERVILLETAS",26,"PAQUET",99.307940000000002,2582.0064400000001]
["2017-01-26","SUMINISTROS ( 6 )","SUM-SGRP","SACA GRAPAS",19,"UND",29.559000000000001,561.62099999999998]
["2017-01-26","SUMINISTROS ( 6 )","SUM-SM","SOBRES MANILA 9X12",337,"UND",2.36,795.31999999999994]
["2019-02-15","SUMINISTROS ( 6 )","SUM-SO","SOBRES BLANCOS",415,"UND",1.6230100000000001,673.54915000000005]
["2019-02-15","SUMINISTROS ( 6 )","SUM-STIM","SOBRES TIMBRADOS",760,"UND",10.2424,7784.2240000000002]
["2017-01-26","SUMINISTROS ( 6 )","SUM-SUAP","SUAPER",15,"UND",166.99668,2504.9501999999998]
["2019-02-15","SUMINISTROS ( 6 )","SUM-TAL.ORD. DESP.","TALONARIO ORDEN DE DESPACHO.",234,"UND",200.59612000000001,46939.492080000004]
["2019-02-15","SUMINISTROS ( 6 )","SUM-TALEM","TALONARIO ENT. DE MATERIALES",222,"UND",57.3232,12725.750400000001]
["2019-02-15","SUMINISTROS ( 6 )","SUM-TBLL","TABLILLAS",23,"UND",85.337599999999995,1962.7647999999999]
["2019-02-15","SUMINISTROS ( 6 )","SUM-TCR","TALONARIO CONTROL DE RECEPCION",76,"UND",53.398060000000001,4058.2525599999999]
["2019-02-15","SUMINISTROS ( 6 )","SUM-TCS","TALONARIO CONTROL DE SEMILLAS",63,"UND",72.55753,4571.1243899999999]
["2019-02-15","SUMINISTROS ( 6 )","SUM-TIJ","TIJERAS #8",46,"UNIDAD",34.998800000000003,1609.9448000000002]
["2019-02-15","SUMINISTROS ( 6 )","SUM-TLCAGR","TALONARIO CONTROL AGROQUIMICO",78,"UND",218.81944999999999,17067.917099999999]
["2019-02-15","SUMINISTROS ( 6 )","SUM-TRP","TALONARIO RECIBO PROVISIONAL",43,"UND",133.95359999999999,5760.0047999999997]
["2019-02-15","SUMINISTROS ( 6 )","SUM-VAS","VASOS #10",50,"PAQUET",83.78,4189]
["2019-02-15","SUMINISTROS ( 6 )","T,MAG.","TINTA BT 5001 MAGENTA",10,"UND",363.44,3634.4]
["2019-02-15","SUMINISTROS ( 6 )","T.5001","TINTA BT 5001 CYAN",10,"UND",363.44,3634.4]
["2019-02-15","SUMINISTROS ( 6 )","T.BT.","TINTA BT D60BK",13,"UND",410.27692000000002,5333.5999600000005]
["2019-02-15","SUMINISTROS ( 6 )","T.Y,","TINTA BT 5001 YELLOW",10,"UND",363.44,3634.4]
["2019-02-15","SUMINISTROS ( 6 )","T206A C","TONER HP-206 A C.",1,"UND",6488.82,6488.82]
["2019-02-15","SUMINISTROS ( 6 )","T206A M","TONER HP-206 A M.",1,"UND",6488.82,{"$f":"+G462*E462","v":6488.82}]
["2019-02-15","SUMINISTROS ( 6 )","T206AK","TONER  HP-206 A K.",1,"UND",6724.82,6724.82]
["2022-05-31","SUMINISTROS ( 6 )","T206AY","TONER HP-206 A Y.",1,"UND",6488.82,6488.82]
["2022-05-31","SUMINISTROS ( 6 )","TA","TINTA AZUL P/S",7,"POTE",29.332850000000001,205.32995]
["2022-05-31","SUMINISTROS ( 6 )","TALON.PERS.NOM.","TALONARIO PERSONAL NOMINAL",3,"UND",95,285]
["2022-05-31","SUMINISTROS ( 6 )","TALONARIO SOL. C.C.","TALONARIO SOLICITUD CAJA CHICA",53,"UND",32.690759999999997,1732.6102799999999]
["2022-05-31","SUMINISTROS ( 6 )","TB,","TINTA 664 BLACK",10,"UND",330.4,3304]
["2022-05-31","SUMINISTROS ( 6 )","TB,.","TINTA 664 Y.",7,"UND",436.6,3056.2000000000003]
["2022-05-31","SUMINISTROS ( 6 )","TB.","TINTA 664 CYAN",10,"UND",448.4,4484]
["2022-05-31","SUMINISTROS ( 6 )","TB664","TINTA 664 MAG.",9,"UND",434.24,3908.16]
["2022-05-31","SUMINISTROS ( 6 )","TCVP","TALON.CONTROL VISITAS A PROD.",46,"UND",55,2530]
["2022-05-31","SUMINISTROS ( 6 )","TE504C","TINTA  504 CYAN",11,"UND",516.27317000000005,5679.0048700000007]
["2022-05-31","SUMINISTROS ( 6 )","TE504M","TINTA  504 M.",9,"UND",463.73752999999999,4173.6377700000003]
["2022-05-31","SUMINISTROS ( 6 )","TE504Y","TINTA  504 Y.",10,"UND",561.38959999999997,5613.8959999999997]
["2022-05-31","SUMINISTROS ( 6 )","TEL200C","TINTA EPSON L200 CYAN",4,"UND",615.00419999999997,2460.0167999999999]
["2022-05-31","SUMINISTROS ( 6 )","TEL200M","TINTA EPSON L200 MAG.",5,"UND",615.00419999999997,3075.0209999999997]
["2022-05-31","SUMINISTROS ( 6 )","TEL200Y","TINTA EPSON L200 YELLOW",3,"UND",615.00419999999997,1845.0126]
["2022-05-31","SUMINISTROS ( 6 )","TET504","TINTA  504 BLACK",4,"UND",330.4,1321.6]
["2022-05-31","SUMINISTROS ( 6 )","TODC.","TALONARIO ORDEN DESP. COMB.",126,"UND",74.2,9349.2000000000007]
["2022-05-31","SUMINISTROS ( 6 )","TP/C","TOALLA P/COCINA",15,"UND",116.0217,1740.3254999999999]
["2022-05-31","SUMINISTROS ( 6 )","TRCA","TINTA RIAL C. AZUL",1,"UND",300.00319999999999,300.00319999999999]
["2022-05-31","SUMINISTROS ( 6 )","TRCA,","TINTA RIAL C. AMARILLA",1,"UND",300.00319999999999,300.00319999999999]
["2022-05-31","SUMINISTROS ( 6 )","TRCR","TINTA RIAL C. ROJO",2,"UND",300.00319999999999,600.00639999999999]
["2022-05-31","SUMINISTROS ( 6 )","VASOS #7","VASOS #7",88,"PAQUET",74.235990000000001,6532.7671200000004]
["TOTAL",null,null,null,null,null,null,{"$f":"SUM(H334:H485)","v":752368.26319999993}]